000 00309nam a22001337a 4500
008 180119b xxu||||| |||| 00| 0 eng d
020 _a0205653014
041 _aeng
080 _22ND
_a82
100 _a21
101 _aGJL
245 _aThe longman anthology world literature
_cDamrosch,D
942 _2udc
_cBK
999 _c40532
_d40532